Statistics for States of Mexico - One Minute Sprint

Click here to take the quiz!

General Stats

  • This quiz has been taken 23 times
  • The average score is 16 of 31

Answer Stats

State % Correct
Baja California
100%
Chihuahua
92%
Baja California Sur
85%
Sonora
85%
Yucatán
69%
Nuevo León
69%
Sinaloa
62%
Veracruz
62%
México
62%
Aguascalientes
54%
Quintana Roo
54%
Durango
54%
Tamaulipas
54%
Chiapas
54%
Tabasco
46%
Puebla
46%
Oaxaca
46%
Zacatecas
46%
Guerrero
46%
Jalisco
46%
Coahuila
46%
Campeche
46%
Nayarit
38%
San Luis Potosí
38%
Hidalgo
31%
Colima
31%
Morelos
31%
Michoacán
23%
Guanajuato
23%
Tlaxcala
23%
Querétaro
15%

Score Distribution

Percentile by Number Answered

Percent of People with Each Score

Your Score History

You have not taken this quiz